| 000 | 00932nab a22002177a 4500 | ||
|---|---|---|---|
| 999 |
_c6060 _d6060 |
||
| 003 | OSt | ||
| 005 | 20260121000130.0 | ||
| 008 | 190514b xxu||||| |||| 00| 0 spa d | ||
| 040 | _cPJ | ||
| 100 |
_96841 _aMinetti, Matías |
||
| 245 | 1 | 0 |
_a¡Ni una menos! La triple filiación como modo de reparación / _cMatías Minetti. |
| 300 | _ap. 232-237 | ||
| 500 | _aCita: TR LALEY AR/DOC/257/2024. | ||
| 505 | _aSumario: I. Los hechos del caso.— II. Considerando.— III. La decisión.— IV. Comentarios. | ||
| 505 | _tFallo comentado: Juz. Familia. Nro10, Bariloche ~ 15/09/2023 ~ C., E. R. y N. P., M. G. s/ adopción plena. | ||
| 650 | 0 |
_9967 _aDERECHO DE FAMILIA |
|
| 650 | 0 |
_91004 _aFILIACION |
|
| 650 | 0 |
_91057 _aJURISPRUDENCIA APLICABLE |
|
| 773 | 0 |
_02844 _93222 _dBuenos Aires : AbeledoPerrot, 1989- _tDerecho de familia. Revista Interdisciplinaria de doctrina y jurisprudencia. Abril 2024-II. _z18511201 |
|
| 942 |
_2udc _cANA |
||